Laghu niroopanangal (Record no. 16238)
[ view plain ]
| 000 -LEADER | |
|---|---|
| fixed length control field | 00222nam a22000977a 4500 |
| 003 - CONTROL NUMBER IDENTIFIER | |
| control field | OSt |
| 008 - FIXED-LENGTH DATA ELEMENTS--GENERAL INFORMATION | |
| fixed length control field | 200625b ||||| |||| 00| 0 eng d |
| 100 ## - MAIN ENTRY--AUTHOR NAME | |
| Personal name | M aroor Manushegaran |
| 245 ## - TITLE STATEMENT | |
| Title | Laghu niroopanangal |
| 942 ## - ADDED ENTRY ELEMENTS (KOHA) | |
| Koha item type | Books |
| Withdrawn status | Lost status | Damaged status | Home library | Current library | Date acquired | Cost, normal purchase price | Accession Number | Koha item type |
|---|---|---|---|---|---|---|---|---|
| Withdrawn | Lost and Paid For | KAUAET | KAUAET | 25/06/2020 | 1.50 | 7472 | Books |
